00662 a2200193 45000010006000000050017000060080041000230030015000640400040000790800035001192450081001540200018002352640051002533000019003040410008003231000021003317000017003528560099003694551820260407155727.0260407a1992 arg spa dAR-UNSa-BCEJYS aAR-UNSa-BCEJYSbspacAR-UNSa-BCEJYS a330.34xDesarrollo Económico10aLos problemas del desarrollo en América Latinaphomenaje a Raúl Prebisch a950-557-123-2 1aMéxico :bFondo de Cultura Económicac1992 a406 p.c23 cm. aspa1 aMontuschi, Luisa1 aSinger, Hans41uhttps://www.biblioeco.unsa.edu.ar/pmb/images/libros/L127130.jpgyImagen de portadaqimage/jpeg